| 000 | 00849nam a2200241 a 4500 | ||
|---|---|---|---|
| 001 | 000010672 | ||
| 005 | 20240412074220.0 | ||
| 008 | 091009s1988 dr a 001 0 spa d | ||
| 040 |
_aDO-SdBNP _bspa _cBNPHU |
||
| 082 |
_aRD861.44 _bO12c |
||
| 100 | 1 |
_aObjío, Nelson Eddy _912421 |
|
| 245 | 1 | 0 |
_aCánticos a mi patria : _bpoesía / _cNelson Eddy Objío ; prólogo Héctor Colombino Perelló. |
| 260 |
_aSanto Domingo : _bValparaíso, _c1988. |
||
| 300 |
_a102 p. : _bil ; _c21 cm. |
||
| 490 | 1 | _aProducciones Dimeyson | |
| 504 | _aIncluye referencias bibliográficas [p.99-100] | ||
| 590 | _aInventariado, 2018/LP | ||
| 650 | 0 |
_aPoesía dominicana _966 |
|
| 650 | 0 |
_aLiteratura dominicana. _967 |
|
| 700 | 1 |
_aColombino Perelló, Héctor, _epról. _925851 |
|
| 830 | 0 |
_aProducciones Dimeyson _925850 |
|
| 910 | _aValidado. Control de calidad BNPHU | ||
| 999 |
_c10427 _d10427 |
||